Countries of the World Quiz - But The Wrong Countries Light Up - Statistics

General Stats
  • This quiz has been taken 1,173 times
  • The average score is 159 of 196
Answers on the Map
Answers color-coded by a green-red scale on the quiz's map according to % correct below.
 
Answer Stats
Country % Correct
United States
95%
Canada
93%
Mexico
90%
Brazil
89%
Russia
89%
United Kingdom
88%
Australia
87%
China
87%
Argentina
86%
Chile
86%
France
86%
Spain
86%
Sweden
86%
Denmark
85%
Finland
85%
Iceland
85%
India
85%
Ireland
85%
Japan
85%
Norway
85%
Paraguay
85%
Portugal
85%
Uruguay
85%
Dominican Republic
84%
Ecuador
84%
Greece
84%
New Zealand
84%
Panama
84%
Peru
84%
Venezuela
84%
Austria
83%
Belgium
83%
Bolivia
83%
Colombia
83%
Cuba
83%
Estonia
83%
Germany
83%
Guatemala
83%
Haiti
83%
Indonesia
83%
Iran
83%
Iraq
83%
Morocco
83%
Niger
83%
North Korea
83%
Oman
83%
Pakistan
83%
Slovakia
83%
South Korea
83%
Sudan
83%
Ukraine
83%
Yemen
83%
Algeria
82%
Andorra
82%
Azerbaijan
82%
Bahamas
82%
Costa Rica
82%
Croatia
82%
Czech Republic
82%
Democratic Republic of the Congo
82%
Egypt
82%
Fiji
82%
Georgia
82%
Guyana
82%
Honduras
82%
Israel
82%
Italy
82%
Jamaica
82%
Kazakhstan
82%
Laos
82%
Latvia
82%
Lithuania
82%
Netherlands
82%
Nigeria
82%
Poland
82%
Romania
82%
Slovenia
82%
South Africa
82%
Suriname
82%
Switzerland
82%
Turkey
82%
Zambia
82%
Afghanistan
81%
Armenia
81%
Belize
81%
Cambodia
81%
Chad
81%
Dominica
81%
Guinea
81%
Libya
81%
Liechtenstein
81%
Luxembourg
81%
Malta
81%
Nepal
81%
Nicaragua
81%
North Macedonia
81%
Papua New Guinea
81%
Qatar
81%
Republic of the Congo
81%
Saudi Arabia
81%
Serbia
81%
South Sudan
81%
Thailand
81%
Turkmenistan
81%
United Arab Emirates
81%
Uzbekistan
81%
Vatican City
81%
Vietnam
81%
Zimbabwe
81%
Albania
80%
Barbados
80%
Belarus
80%
Bosnia and Herzegovina
80%
Cyprus
80%
El Salvador
80%
Ethiopia
80%
Hungary
80%
Jordan
80%
Kyrgyzstan
80%
Malaysia
80%
Monaco
80%
Philippines
80%
Rwanda
80%
Saint Kitts and Nevis
80%
San Marino
80%
Somalia
80%
Syria
80%
Tajikistan
80%
Tunisia
80%
Angola
79%
Bahrain
79%
Bangladesh
79%
Bhutan
79%
Bulgaria
79%
Eritrea
79%
Guinea-Bissau
79%
Kenya
79%
Kosovo
79%
Lebanon
79%
Lesotho
79%
Madagascar
79%
Mali
79%
Marshall Islands
79%
Moldova
79%
Montenegro
79%
Namibia
79%
Saint Lucia
79%
Samoa
79%
Singapore
79%
Taiwan
79%
Tanzania
79%
Togo
79%
Tonga
79%
Antigua and Barbuda
78%
Benin
78%
Cameroon
78%
Central African Republic
78%
Djibouti
78%
Eswatini
78%
Gambia
78%
Ghana
78%
Kuwait
78%
Liberia
78%
Maldives
78%
Mauritania
78%
Myanmar
78%
Nauru
78%
Palau
78%
Saint Vincent and the Grenadines
78%
Senegal
78%
Seychelles
78%
Solomon Islands
78%
Trinidad and Tobago
78%
Tuvalu
78%
Vanuatu
78%
Botswana
77%
Brunei
77%
Burundi
77%
Cape Verde
77%
East Timor
77%
Equatorial Guinea
77%
Federated States of Micronesia
77%
Gabon
77%
Kiribati
77%
Mauritius
77%
Mongolia
77%
Mozambique
77%
Sri Lanka
77%
Uganda
77%
Comoros
76%
Grenada
76%
Ivory Coast
76%
Malawi
75%
Sierra Leone
74%
São Tomé and Príncipe
73%
Burkina Faso
72%
No matching quizzes found
Score Distribution
Percent of People with Each Score
Percentile by Number Answered
Your Score History
You have not taken this quiz